000
00293nam a22001337a 4500
008
181019b xxu||||| |||| 00| 0 eng d
020
_a
2900130084612
041
_a
eng
080
_2
6ed
_a
330.101
100
_a
52
101
_a
MIC
245
_a
Microeconomics
_c
Robert.S.P
942
_2
udc
_c
BK
999
_c
50228
_d
50228